|
|
|
|
| LEADER |
00000nab a2200000 4500 |
| 001 |
vtls012233433 |
| 003 |
SK-MaSNL |
| 005 |
20260304034324.0 |
| 008 |
230620|2023 xo |||| ||an ||00 0|slo |
| 015 |
|
|
|a SNBRB2023/06
|
| 040 |
|
|
|e rda
|
| 041 |
|
|
|a slo
|b slo
|
| 044 |
|
|
|a xo
|c SK
|
| 072 |
|
7 |
|a 373.2/.3
|x Predškolská výchova a vzdelávanie
|2 konspekt
|
| 072 |
|
7 |
|a 611
|x Anatómia človeka a porovnávacia anatómia
|2 konspekt
|
| 080 |
|
|
|a 611/612:373.2
|2 2011
|
| 100 |
1 |
|
|a Butašová, Drahomíra
|4 aut
|9 1317047
|
| 245 |
1 |
0 |
|a Spoznávame svoje telo počas celého týždňa
|c Drahomíra Butašová
|
| 300 |
|
|
|b Fotografie, tabuľky
|
| 336 |
|
|
|a text
|b txt
|2 rdacontent
|
| 337 |
|
|
|a bez média
|b n
|2 rdamedia
|
| 338 |
|
|
|a zväzok
|b nc
|2 rdacarrier
|
| 546 |
|
|
|a Slovenské resumé
|
| 650 |
0 |
7 |
|a predškolská výchova
|2 SNKPH
|9 3959
|
| 650 |
0 |
7 |
|a ľudské telo
|2 SNKPH
|9 66802
|
| 773 |
0 |
|
|t Predškolská výchova
|g Roč. 77, č. 6 (2022/23), s. 16-18
|x 0032-7220
|
| 958 |
|
|
|a NB
|
| 999 |
|
|
|c 2652467
|d 2654397
|